Ensayos políticos.
Gespeichert in:
| 1. Verfasser: | |
|---|---|
| Weitere Verfasser: | |
| Format: | Buch |
| Sprache: | Spanisch |
| Veröffentlicht: |
Madrid, España:
Centro de Estudios Constitucionales,
1982.
|
| Ausgabe: | 2a. edición. |
| Schriftenreihe: | Colección Civitas.
|
| Schlagworte: | |
| Tags: |
Tag hinzufügen
Keine Tags, Fügen Sie den ersten Tag hinzu!
|
MARC
| LEADER | 00000nam a2200000 a 4500 | ||
|---|---|---|---|
| 001 | UCZ2101 | ||
| 003 | CL-VaPUC | ||
| 005 | 20240606163145.0 | ||
| 008 | 950926e19820000SP |||||||||||||||||spa|d | ||
| 999 | |c 238751 |d 238749 | ||
| 020 | |a 84-259-0659-8 | ||
| 040 | |c Pontificia Universidad Católica de Valparaíso | ||
| 082 | 0 | 4 | |a 321 HUM 1982 |2 21 |
| 100 | |a Hume, David |e autor |9 858138 | ||
| 245 | 1 | 0 | |a Ensayos políticos. |
| 250 | |a 2a. edición. | ||
| 260 | |a Madrid, España: |b Centro de Estudios Constitucionales, |c 1982. | ||
| 300 | |a 435 páginas. | ||
| 490 | 0 | |a Colección Civitas. | |
| 500 | |a c.3 Donación Familia Prof. Alejandro Guzmán Brito. | ||
| 583 | |a last modification |c 19950926 00:00:00 |k Rodrigo Vera | ||
| 650 | 0 | |a Política |9 255312 | |
| 650 | 0 | |a Ensayos |9 268724 | |
| 650 | 0 | |a Comercio |9 255341 | |
| 650 | 0 | |a Dinero |9 314331 | |
| 650 | 0 | |a Interés |9 336484 | |
| 650 | 0 | |a Discursos |9 265028 | |
| 650 | 7 | |a FILOSOFIA SIGLO 18 |2 CL-VaPUC |9 325041 | |
| 700 | |a Tierno Galván, Enrique |9 864397 |e traductor | ||
| 852 | |a BIBCUR | ||
| 942 | |c BK |2 ddc |n 0 | ||
| 945 | |d 19950926 00:00:00 |a cmena | ||
| 952 | |0 0 |1 0 |4 0 |6 321_000000000000000_HUM_1982 |7 0 |8 P |9 249194 |a BIBEDU |b BIBEDU |c BIBEDU_PB |d 2019-11-18 |i 1564129 |o 321 HUM 1982 |p 1564129 |r 2024-01-25 |w 2019-11-18 |y BK |k FIL | ||
| 952 | |0 0 |1 0 |4 0 |6 321_000000000000000_HUM_1982 |7 0 |8 A |9 249195 |a BIBHIS |b BIBHIS |d 2019-11-18 |i 1339168 |o 321 HUM 1982 |p 1339168 |r 2025-01-20 |w 2019-11-18 |y BK |k HIS | ||
| 952 | |0 0 |1 0 |2 ddc |4 0 |6 321_000000000000000_HUM_1982 |7 1 |8 C_AGB |9 580248 |a BIBDER |b BIBDER |d 2022-01-07 |e Donación |i 5635756 |o 321 HUM 1982 |p 5635756 |r 2023-01-25 |t 3 |w 2022-01-07 |y BK_US |k AGB | ||